Health and Science for pre-schoolers / (Record no. 8648)
[ view plain ]
| 000 -LEADER | |
|---|---|
| fixed length control field | 00913nam a22002177a 4500 |
| 001 - CONTROL NUMBER | |
| control field | 8648 |
| 003 - CONTROL NUMBER IDENTIFIER | |
| control field | FISKH |
| 005 - DATE AND TIME OF LATEST TRANSACTION | |
| control field | 20251007154958.0 |
| 008 - FIXED-LENGTH DATA ELEMENTS--GENERAL INFORMATION | |
| fixed length control field | 251007b cb ||||| |||| 00| 0 eng d |
| 020 ## - INTERNATIONAL STANDARD BOOK NUMBER | |
| International Standard Book Number | 9789715691321 |
| 040 ## - CATALOGING SOURCE | |
| Original cataloging agency | FISKH |
| Language of cataloging | eng |
| Transcribing agency | FISKH |
| Modifying agency | FISKH |
| 082 ## - DEWEY DECIMAL CLASSIFICATION NUMBER | |
| Classification number | 372.37 |
| 100 ## - MAIN ENTRY--PERSONAL NAME | |
| Personal name | Tan, Emma R. |
| 245 ## - TITLE STATEMENT | |
| Title | Health and Science for pre-schoolers / |
| Statement of responsibility, etc. | by Emma R. Tan |
| 260 ## - PUBLICATION, DISTRIBUTION, ETC. | |
| Place of publication, distribution, etc. | San Antonio : |
| Name of publisher, distributor, etc. | Bookmark, |
| Date of publication, distribution, etc. | 2012. |
| 300 ## - PHYSICAL DESCRIPTION | |
| Extent | 83 pages : |
| Other physical details | color illustrations ; |
| Dimensions | 28 cm |
| 520 ## - SUMMARY, ETC. | |
| Summary, etc. | Health and Science for Pre-Schoolers introduces young children to basic concepts of personal health, cleanliness, safety, and simple science ideas from their environment. Through pictures and short lessons, it helps preschoolers understand how to stay healthy and curious about the world around them. |
| 650 ## - SUBJECT ADDED ENTRY--TOPICAL TERM | |
| Topical term or geographic name entry element | Health Education, |
| Form subdivision | Science, |
| General subdivision | Preschool, |
| Chronological subdivision | Early Learning |
| 942 ## - ADDED ENTRY ELEMENTS (KOHA) | |
| Source of classification or shelving scheme | Dewey Decimal Classification |
| Koha item type | Books |
| Suppress in OPAC | No |
| Withdrawn status | Lost status | Source of classification or shelving scheme | Damaged status | Not for loan | Collection | Home library | Current library | Shelving location | Date acquired | Total Checkouts | Full call number | Barcode | Date last seen | Copy number | Price effective from | Koha item type |
|---|---|---|---|---|---|---|---|---|---|---|---|---|---|---|---|---|
| Dewey Decimal Classification | Reference | Footprints International School Library Network Toul Kork Campus | Footprints International School Library Network Toul Kork Campus | Librarian's Shelf TK | 10/07/2025 | TAN 372.37 PZ7 | 2025-4495 | 10/07/2025 | 1 | 10/07/2025 | Books |
